000 00324nam a22001337a 4500
020 _qPB.
040 _cFIZZA ISHAQ
082 _a006.31
_bMIK
100 _aCHAPPLE,MIKE.
_991697
245 _aMECHINE LEARNING /
_cMIKE CHAPPLE.
260 _aNEW DELHI ;
_bJOHN WILEY & SONS,
_c2020.
300 _a439 P. ;
942 _2ddc
_cBK
999 _c589857
_d589857